Disney animated movies by Rotten Tomatoes scores - Statistics

General Stats
  • This quiz has been taken 41 times
  • The average score is 66 of 122
Answer Stats
Critic Score Year Movie % Correct
78% | 97% 1937 Snow White and the Seven Dwarfs
87%
93% 1994 The Lion King
87%
80% | 97% 1950 Cinderella
83%
88% | 92% 1989 The Little Mermaid
83%
85% | 90% 2013 Frozen
80%
92% | 95% 1992 Aladdin
77%
91% | 93% 1991 Beauty and the Beast
77%
85% | 86% 1998 Mulan
77%
100% | 73% 1940 Pinocchio
73%
78% | 84% 1951 Alice in Wonderland
70%
83% | 95% 1940 Fantasia
70%
80% | 89% 1959 Sleeping Beauty
70%
70% | 98% 1941 Dumbo
67%
77% | 92% 2019 Frozen II
67%
76% | 82% 1997 Hercules
67%
87% | 89% 2010 Tangled
67%
92% | 98% 2016 Zootopia
67%
80% | 93% 1955 Lady and the Tramp
63%
54% | 64% 1995 Pocahontas
63%
74% | 85% 2009 The Princess and the Frog
63%
86% | 87% 2012 Wreck-It Ralph
63%
76% | 98% 1961 One Hundred and One Dalmatians
60%
82% | 88% 1967 The Jungle Book
60%
73% | 91% 1942 Bambi
57%
91% | 93% 2021 Encanto
57%
77% | 87% 2002 Lilo & Stitch
57%
77% | 80% 1953 Peter Pan
57%
63% | 70% 1970 The Aristocats
57%
80% | 90% 2011 Winnie the Pooh
57%
90% | 91% 2014 Big Hero 6
53%
89% | 95% 2016 Moana
53%
64% | 88% 2018 Ralph Breaks the Internet
53%
75% | 89% 1999 Tarzan
53%
84% | 86% 2000 The Emperor's New Groove
53%
49% | 54% 2001 Atlantis: The Lost Empire
50%
57% | 81% 1973 Robin Hood
50%
68% | 79% 1977 The Rescuers
50%
66% | 73% 1963 The Sword in the Stone
50%
36% | 47% 2005 Chicken Little
47%
75% | 81% 1999 Fantasia 2000
43%
67% | 74% 2007 Meet the Robinsons
43%
48% | 55% 1985 The Black Cauldron
43%
70% | 71% 1996 The Hunchback of Notre Dame
43%
69% | 72% 2002 Treasure Planet
43%
48% | 65% 2000 Dinosaur
40%
54% | 62% 1988 Oliver & Company
40%
93% | 97% 2021 Raya and the Last Dragon
40%
72% 2022 Strange World
40%
72% | 78% 1981 The Fox and the Hound
40%
68% | 71% 1990 The Rescuers Down Under
40%
74% | 90% 2008 Bolt
37%
41% | 80% 1943 Saludos Amigos
37%
71% | 94% 1949 The Adventures of Ichabod and Mr. Toad
37%
65% | 83% 1945 The Three Caballeros
37%
37% | 65% 2003 Brother Bear
33%
29% | 52% 2004 Home on the Range
33%
41% | 58% 1946 Make Mine Music
33%
48% | 73% 1948 Melody Time
30%
76% | 79% 1986 The Great Mouse Detective
30%
59% | 67% 1947 Fun and Fancy Free
27%
100% | 88% 1977 The Many Adventures of Winnie the Pooh
23%
No matching quizzes found
Score Distribution
Percent of People with Each Score
Percentile by Number Answered
Your Score History
You have not taken this quiz